La ontología política de Martin Heidegger

Enregistré dans:
Détails bibliographiques
Auteur principal: Bourdieu, Pierre
Format: Livre
Langue:espagnol
Publié: Barcelona, España Paidós 1991
Collection:Colección Paidós Básica. 53
Sujets:
Tags: Ajouter un tag
Pas de tags, Soyez le premier à ajouter un tag!

MARC

LEADER 00000nam a2200000 a 4500
001 UCQ9693
003 CL-VaPUC
005 20211214074204.0
008 990112e19910000SP |||||||||||||||||spa|d
999 |c 278680  |d 278678 
040 |c Pontificia Universidad Católica de Valparaíso 
082 0 4 |a 142.7 BOU 1991  |2 21 
100 0 |a Bourdieu, Pierre  |9 308635 
245 1 3 |a La ontología política de Martin Heidegger 
260 0 3 |a Barcelona, España  |b Paidós  |c 1991 
300 |a 109 páginas 
490 0 |a Colección Paidós Básica.  |v 53 
583 |a last modification  |c 19990112 00:00:00  |k Rodrigo Vera 
600 |a Heidegger, Martin,  |d 1889-1976  |9 863140 
650 0 |a Existencialismo  |9 265698 
650 0 |a Filosofía alemana   |9 265002 
650 0 |a Ontología   |9 256850 
650 0 |a Política  |9 255312 
650 0 |a Crítica e interpretación   |9 255042 
650 7 |a FILOSOFOS ALEMANES  |2 CL-VaPUC  |9 424409 
942 |c BK  |2 ddc 
945 |d 19990112 00:00:00  |a aarredon 
952 |0 0  |1 0  |2 ddc  |4 0  |6 142_700000000000000_BOU_1991  |7 0  |8 A  |9 317399  |a BIBEDU  |b BIBEDU  |d 2019-11-20  |i 3493857  |o 142.7 BOU 1991  |p 3493857  |r 2019-11-20  |t 1  |w 2019-11-20  |y BK  |k BME